00586 2200217 4500001002100000005001500021035002000036007000300056008004100059020002200100082001200122084001800134100001700152245007000169250000600239260004400245300003200289650001500321990001600336990001600352INLIS00000000000200720260204102327 a0010-0226000017ta260204 g 0 ind  a978-602-218-292-1 a297.246 a297.246 IBN k0 aIbnu Muhidin1 aKisah Nabi Ilyasa Alaihisalam :bProphet Ilyas as /cIbnu Muhidin a- aJakarta :bBintan Indonesia Jakarta,c- a24 hlm :bilus ;c19 x 19,5 aKisah Nabi a00000016060 a00000016061